000 00724nam a22002177a 4500
003 UA-OsUOA
001 124937
007 ta
008 20170830b un ||||| |||| 00| 0 ukr d
100 _aБілошицька А.
090 _a81
_bБ67
942 _cSA
040 _aUA-OsUOA
_bukr
_cUA-OsUOA
_dUA-OsUOA
245 _aВикористання фреймових моделей у структуруванні навчальної інформації на уроках української мови
300 _aС.49-54
955 _a0
041 _aukr
080 _a81
773 0 _w124936
650 7 _a8 Мовознавство. Художня література. Літературознавство
_2UDC
999 _c412132
_d412132